000 00437nam a22001697a 4500
008 171214b xxu||||| |||| 00| | tur d
020 _a9789944931465
041 _atur
050 _aPL248.E615
100 _9937
_aNihayet Arslan
245 _aNazlı Eray : Bir Okuma denemesi
250 _a1. Baskı
260 _aAnkara
_bPhoenix Yayınevi
_cŞubat 2008
300 _a264 Sayfa
650 0 _9145
_aTürk Edebiyatı
942 _2lcc
_cBK
999 _c1734
_d1709